|
|
|
|
| LEADER |
00000cam a2200000 7i4500 |
| 001 |
0000000258 |
| 005 |
20000725.0 |
| 020 |
0 |
0 |
|a 1856493369
|
| 090 |
0 |
0 |
|a 306.46
|b BIO 1995
|
| 245 |
0 |
0 |
|a BIOPOLITICS :
|b A feminist and ecological reader on biotechnology
|c edited by Vandana Shiva & Ingunn Moser
|
| 260 |
0 |
0 |
|a London :
|b Atlantic Highlands, N.J.
|a Penang, Malaysia :
|b Zed Books; Third World Network ,
|c 1995
|
| 300 |
|
|
|a x, 294 p. ;
|c 23 cm.
|
| 650 |
0 |
0 |
|a Biotechnology
|x oral and ethical aspects
|
| 650 |
0 |
0 |
|a Biotechnology
|x Environmental aspects
|
| 650 |
0 |
0 |
|a Feminist theory
|
| 700 |
0 |
1 |
|a Moser
|h Ingunn ,
|c 1962-
|
| 700 |
0 |
1 |
|a Shiva
|h Vandana
|
| 999 |
|
|
|a 0000001459
|b Monograph
|c Open Shelf
|e Default branch
|